Estudio de metodos para justificar la instalacion de semaforos
Guardat en:
| Autor principal: | |
|---|---|
| Format: | Thesis Llibre |
| Idioma: | Undetermined |
| Publicat: |
1986
|
| Matèries: | |
| Etiquetes: |
Afegir etiqueta
Sense etiquetes, Sigues el primer a etiquetar aquest registre!
|
MARC
| LEADER | 00000nam a2200000Ia 4500 | ||
|---|---|---|---|
| 001 | 2964 | ||
| 008 | 140114s9999 xx 000 0 und d | ||
| 100 | |a Ledezma Rojas, Rodrigo | ||
| 245 | |a Estudio de metodos para justificar la instalacion de semaforos | ||
| 260 | |c 1986 | ||
| 500 | |a NULL | ||
| 502 | |a Escuela de ingenieria Civil | ||
| 650 | |z METODOS PARA JUSTIFICAR INSTALACION DE SEMAFOROS | ||
| 999 | |c 11689 |d 11689 | ||
